Statistics for Naruto Character Quiz - Kakashi

Click here to take the quiz!

General Stats

  • This quiz has been taken 288 times
  • The average score is 11 of 17

Answer Stats

HintAnswer% Correct
Male teammate - genin cellObito
96%
Clan nameHatake
94%
Female teammate - genin cellRin
94%
Name of senseiMinato
90%
Female studentSakura
87%
Original jutsuChidori
83%
VillageKonoha
83%
Replacement left eyeSharingan
79%
Name of fatherSakumo
68%
Hokage numberSixth
63%
Natural elemental affinityLightning
58%
Upgraded versionMangekyo
45%
Signature technique of aboveKamui
42%
Eternal rivalGai
41%
Favorite book seriesIcha Icha
33%
Summon animalHounds
25%
Refined version of aboveRaikiri
23%

Score Distribution

Percentile by Number Answered

Percent of People with Each Score

Your Score History

You have not taken this quiz